| 000 | 00311cam a22001097a 4500 | ||
|---|---|---|---|
| 008 | 180718b1978 xxu||||| |||| 00| 0 eng d | ||
| 082 | _aT1x42 Un3 | ||
| 100 | _aSastry, N.S. | ||
| 245 |
_aEconomic forecasting in the United Kingdom _cby N.S. Sastry |
||
| 260 |
_aNew Delh _bGovernment of India _c1978 |
||
| 300 | _a43p | ||
| 999 |
_c496798 _d496798 |
||